Online
Catalog

Juan Pablo Duarte : (Record no. 43918)

MARC details
000 -CABECERA
campo de control de longitud fija 00757nam a2200157 a 4500
001 - NÚMERO DE CONTROL
campo de control 000044429
005 - FECHA Y HORA DE LA ÚLTIMA TRANSACCIÓN
campo de control 20201002045352.0
008 - DATOS DE LONGITUD FIJA--INFORMACIÓN GENERAL
campo de control de longitud fija 140630s2007 dr a 000 0 spa d
040 ## - FUENTE DE LA CATALOGACIÓN
Centro catalogador/agencia de origen DO-SdBNP
Lengua de catalogación spa
Centro/agencia transcriptor BNPHU
082 ## - NÚMERO DE LA CLASIFICACIÓN DECIMAL DEWEY
Número de clasificación xxxx
Número de documento/Ítem xxxx
245 00 - MENCIÓN DE TÍTULO
Título Juan Pablo Duarte :
Resto del título biografía, faceta dinámica, ideario /
Mención de responsabilidad, etc. presentación ; Félix Jiménez.
260 ## - PUBLICACIÓN, DISTRIBUCIÓN, ETC.
Lugar de publicación, distribución, etc. Santo Domingo :
Nombre del editor, distribuidor, etc. Alfa y Omega,
Fecha de publicación, distribución, etc. 2007.
300 ## - DESCRIPCIÓN FÍSICA
Extensión VII, 71 p. :
Otras características físicas il., ;
Dimensiones 21 cm.
500 ## - NOTA GENERAL
Nota general "Esta publicación es una contribución de la Refinería Dominicana de Petróleo, al Ministerio de Educación y al Instituto Duartiano, en ocasión de la celebración del bicentenario del nacimiento de Juan Pablo Duarte, fundador de la República Dominicana."
700 12 - PUNTO DE ACCESO ADICIONAL--NOMBRE DE PERSONA
Nombre de persona Jiménez, Félix
Término indicativo de función/relación prest.
9 (RLIN) 33757
Holdings
Estado de retiro Estado de pérdida No para préstamo Código de colección Localización permanente Ubicación/localización actual Ubicación en estantería Fecha de adquisición Número de inventario Total de préstamos Signatura topográfica completa Código de barras Fecha visto por última vez Precio válido a partir de Tipo de ítem Koha Número de copia Restricciones de uso
    Excluido de préstamo Patrimonio Dominicano Patrimonio Dominicano Patrimonio Dominicano En catalogación 30.06.2014 LF1   xxxx xxxx 44429-10 25.06.2020 25.06.2020 Libro y Folleto Colección Patrimonio Dominicano    
    Excluido de préstamo Patrimonio Dominicano Patrimonio Dominicano Patrimonio Dominicano En catalogación 30.06.2014 LF1   xxxx xxxx 44429-20 25.06.2020 25.06.2020 Libro y Folleto Colección Patrimonio Dominicano e. 2  
      Dominicana de Servicio Patrimonio Dominicano Patrimonio Dominicano En catalogación 30.06.2014 LF1   xxxx xxxx 44429-30 25.06.2020 25.06.2020 Libro y Folleto Colección Dominicana de Servicio e. 3  

Powered by Koha